01258nas a2200265Ia 4500001001100000003000900011008004100020040001300061040001300074041001300087100004800100210001900148222001900167245009800186250001100284260002300295501008600318300002000404362001600424500026200440650004300702942000700745999001900752952022100771R109/G8422IT-RoPAU151124c99999999xx |||||||||||| ||und|| aIT-RoPAU cIT-RoPAU aFRANCESE aLamperiere AnnickgCodice Aut. SPICS: 55863 aCOMMUNICATIONS aCommunications aCOMMUNICATIONS, N.71 (2001)bMoi, Rigoberta Menchu'. Temoignage D'Une Indienne Internationale a1a ed. aPARISbSEUILc2001 bPaulus - SPICS - Società€ San Paolo EM (non-commercial uses only)cCopyright2015 a40 p. [395-434] aN.71 (2001) aTestimonianza di una Indiana Internazionale. Cos'E' una Testimonianza? Energie della Testimonianza. Testimonianza Come Rappresentazione. Comunità€ Autorappresentata. Intermediari. Politica Ladina e Politica Indiana. Produzione di una Testimonianza: Contest aCOMUNICAZIONEvPUBBLICAZIONE PERIODICA cCR c203516d203516 0010406R_109_000000000000000_G842271aSPICSbSPICSd2015-11-25l0oR109/G8422r2015-11-25 00:00:00w2015-11-25yCRzProgr. Ins: 45282 / Copia rara: NO / date import: 25.11.2015 / By Epidotti, Trombetti, Vaglietti